[Event "Dortmund op-B"]
[Site "Dortmund"]
[Date "2007.06.26"]
[Round "4"]
[White "Bashylin, Vsevolod"]
[Black "Bosbach, Jens"]
[Result "0-1"]
[WhiteElo "1565"]
[BlackElo "1896"]
[PlyCount "58"]
[EventDate "2007.06.22"]
[EventType "swiss"]
[EventRounds "9"]
[EventCountry "GER"]
[SourceTitle "EXT 2008"]
[Source "ChessBase"]
[SourceDate "2007.11.25"]
[SourceVersion "1"]
[SourceVersionDate "2007.11.25"]
[SourceQuality "1"]

1. d4 Nf6 2. Nf3 g6 3. Bf4 Bg7 4. h3 d6 5. e3 0-0 6. Be2 Nbd7 7. 0-0 c5 8. c3 b6 9. Nbd2 Bb7 10. Qb3 Qc7 11. a4 a5 12. Nb1 Rac8 13. Nfd2 cxd4 14. exd4 e5 15. dxe5 dxe5 16. Bh2 Qc6 17. Nf3 Nh5 18. Bb5 Qc7 19. Bxd7 Qxd7 20. Nxe5 Bxe5 21. Bxe5 Qc6 22. f3 Rfe8 23. Bd4 Ba6 24. Qxb6 Qxb6 25. Bxb6 Bxf1 26. Kxf1 Rb8 27. Bxa5 Rxb2 28. Na3 Ng3+ 29. Kg1 Ree2 0-1

[Event "Dortmund op-B"]
[Site "Dortmund"]
[Date "2005.07.17"]
[Round "9"]
[White "Bakshi, Raj"]
[Black "Bashylin, Vsevolod"]
[Result "1-0"]
[WhiteElo "1697"]
[BlackElo "1362"]
[PlyCount "57"]
[EventDate "2005.07.08"]
[EventType "swiss"]
[EventRounds "9"]
[EventCountry "GER"]
[SourceTitle "CBM 107 Extra"]
[Source "ChessBase"]
[SourceDate "2005.09.01"]
[SourceVersion "1"]
[SourceVersionDate "2005.09.01"]
[SourceQuality "1"]

1. Nf3 d5 2. c4 c6 3. e3 Nf6 4. d4 Bf5 5. Nc3 e6 6. b3 h6 7. Bb2 Bd6 8. cxd5 exd5 9. Be2 0-0 10. 0-0 Nbd7 11. Nd2 Re8 12. Na4 Rc8 13. Rc1 Ne4 14. Nxe4 Bxe4 15. f4 Qh4 16. Nc5 Nxc5 17. dxc5 Bc7 18. Qd4 f6 19. Bc3 Re6 20. Be1 Be5 21. Qd2 Qxe1 22. Rcxe1 Bc7 23. Bf3 Bh7 24. Bxd5 cxd5 25. Qxd5 Rce8 26. f5 Bxf5 27. Rxf5 Kh8 28. Qxb7 R6e7 29. Qf3 1-0

[Event "Dortmund op-B"]
[Site "Dortmund"]
[Date "2005.07.11"]
[Round "4"]
[White "Bashylin, Vsevolod"]
[Black "Bauer, Matthias"]
[Result "1/2-1/2"]
[WhiteElo "1362"]
[BlackElo "1581"]
[PlyCount "56"]
[EventDate "2005.07.08"]
[EventType "swiss"]
[EventRounds "9"]
[EventCountry "GER"]
[SourceTitle "CBM 107 Extra"]
[Source "ChessBase"]
[SourceDate "2005.09.01"]
[SourceVersion "1"]
[SourceVersionDate "2005.09.01"]
[SourceQuality "1"]

1. d4 g6 2. Nf3 Bg7 3. Bf4 d6 4. e3 Nf6 5. h3 0-0 6. Be2 Nbd7 7. 0-0 c5 8. c3 b6 9. Nbd2 Bb7 10. Qb3 cxd4 11. exd4 Nd5 12. Bh2 Bh6 13. Rfe1 Nf4 14. a3 Nf6 15. Bxf4 Bxf4 16. g3 Bxd2 17. Nxd2 Qd7 18. Bf3 Bxf3 19. Nxf3 Qf5 20. Kg2 Ne4 21. Re2 Ng5 22. Nxg5 Qxg5 23. d5 h5 24. h4 Qf6 25. c4 Rfe8 26. Rae1 Kf8 27. Re3 Rac8 28. Qb5 Rc7 1/2-1/2

[Event "NRW-ch U12"]
[Site "Kranenburg"]
[Date "2005.04.02"]
[Round "7"]
[White "Thanabalasingam, Ajandhan"]
[Black "Bashylin, Vsevolod"]
[Result "1/2-1/2"]
[WhiteElo "1244"]
[BlackElo "1323"]
[PlyCount "46"]
[EventDate "2005.03.28"]
[EventType "swiss"]
[EventRounds "7"]
[EventCountry "GER"]
[SourceTitle "CBM 105 Extra"]
[Source "ChessBase"]
[SourceDate "2005.05.01"]
[SourceVersion "1"]
[SourceVersionDate "2005.05.01"]
[SourceQuality "1"]

1. e4 e5 2. Nf3 d6 3. Bc4 Be7 4. Nc3 Nf6 5. d3 0-0 6. Be3 h6 7. 0-0 Nc6 8. Nd2 Be6 9. f4 Bxc4 10. Nxc4 a6 11. f5 b5 12. Nd2 Nb8 13. Qf3 c5 14. g4 Nh7 15. Nd5 Nc6 16. Kh1 Nd4 17. Bxd4 cxd4 18. Rf2 Rc8 19. Rc1 Bg5 20. c3 Bxd2 21. Rxd2 dxc3 22. bxc3 Qa5 23. Nb4 Qd8 1/2-1/2

[Event "NRW-ch U12"]
[Site "Kranenburg"]
[Date "2005.03.29"]
[Round "2"]
[White "Bashylin, Vsevolod"]
[Black "Zelbel, Patrick"]
[Result "0-1"]
[WhiteElo "1323"]
[BlackElo "1832"]
[PlyCount "106"]
[EventDate "2005.03.28"]
[EventType "swiss"]
[EventRounds "7"]
[EventCountry "GER"]
[SourceTitle "CBM 105 Extra"]
[Source "ChessBase"]
[SourceDate "2005.05.01"]
[SourceVersion "1"]
[SourceVersionDate "2005.05.01"]
[SourceQuality "1"]

1. e4 e5 2. Nf3 Nc6 3. Bb5 a6 4. Bxc6 dxc6 5. 0-0 f6 6. d4 exd4 7. Nxd4 c5 8. Nb3 Qxd1 9. Rxd1 Bg4 10. f3 Be6 11. Bf4 c4 12. Nd4 0-0-0 13. Nc3 Bf7 14. Kh1 Bb4 15. Nce2 Ne7 16. c3 Bc5 17. Rd2 Ng6 18. Bg3 Ne5 19. Bf2 Nd3 20. Be3 g5 21. h3 Rd7 22. Rad1 Rhd8 23. Nc1 Ne5 24. Nce2 Bg6 25. Ng3 Nd3 26. b3 Ne5 27. Ngf5 Bxf5 28. Nxf5 Bxe3 29. Rxd7 Rxd7 30. Rxd7 Nxd7 31. Nxe3 cxb3 32. axb3 c6 33. h4 gxh4 34. Kh2 Nc5 35. b4 Na4 36. Nd1 c5 37. Kh3 Nxc3 38. Nxc3 cxb4 39. Nb1 a5 40. Kg4 a4 41. Nd2 b3 42. Nb1 b5 43. Kf5 b4 44. Kxf6 a3 45. Nd2 b2 46. e5 a2 47. e6 a1Q 48. e7 b1Q+ 49. Ke6 Qg6+ 50. Kd5 Qa2+ 51. Nb3 Qxb3+ 52. Kc5 Qf5+ 53. Kd4 Qbd3# 0-1

[Event "NRW-ch U12"]
[Site "Kranenburg"]
[Date "2005.03.29"]
[Round "3"]
[White "Koke, Christoph"]
[Black "Bashylin, Vsevolod"]
[Result "1-0"]
[WhiteElo "1135"]
[BlackElo "1323"]
[PlyCount "37"]
[EventDate "2005.03.28"]
[EventType "swiss"]
[EventRounds "7"]
[EventCountry "GER"]
[SourceTitle "CBM 105 Extra"]
[Source "ChessBase"]
[SourceDate "2005.05.01"]
[SourceVersion "1"]
[SourceVersionDate "2005.05.01"]
[SourceQuality "1"]

1. e4 e5 2. Nf3 d6 3. d4 exd4 4. Nxd4 Nf6 5. Nc3 Be7 6. Be2 0-0 7. 0-0 Nc6 8. Be3 Nxd4 9. Bxd4 Be6 10. f4 h6 11. f5 Bc8 12. Qe1 Qe8 13. Qg3 a6 14. Nd5 Qd8 15. Rf4 Re8 16. Rh4 Kh8 17. Rf1 Rg8 18. b3 Nxd5 19. Rxh6# 1-0

[Event "SJNR-ch U14"]
[Site "Kranenburg"]
[Date "2005.01.04"]
[Round "4"]
[White "Schuermann, Jan"]
[Black "Bashylin, Vsevolod"]
[Result "1/2-1/2"]
[WhiteElo "951"]
[BlackElo "1236"]
[PlyCount "57"]
[EventDate "2005.01.02"]
[EventType "swiss"]
[EventRounds "7"]
[EventCountry "GER"]
[SourceTitle "EXT 2007"]
[Source "ChessBase"]
[SourceDate "2006.11.23"]
[SourceVersion "1"]
[SourceVersionDate "2006.11.23"]
[SourceQuality "1"]

1. e4 e6 2. d4 d5 3. exd5 exd5 4. Nf3 Nf6 5. Nc3 Bd6 6. Bd3 0-0 7. 0-0 Bg4 8. Bg5 h6 9. Bd2 Nc6 10. h3 Bh5 11. Be2 Re8 12. Re1 a6 13. Be3 Qd7 14. a3 Re6 15. Qd2 Rae8 16. Rab1 Ne4 17. Nxe4 Rxe4 18. Ng5 hxg5 19. Bxh5 Qe7 20. c3 Bf4 21. Bf3 Re6 22. Bxd5 Rxe3 23. fxe3 Bxe3+ 24. Rxe3 Qxe3+ 25. Qxe3 Rxe3 26. Rf1 Re7 27. Rf5 Kf8 28. Rxg5 f6 29. Rh5 1/2-1/2

[Event "Dortmund op-B"]
[Site "Dortmund"]
[Date "2004.07.25"]
[Round "3"]
[White "Bashylin, Vsevolod"]
[Black "Schoettler, Richard"]
[Result "0-1"]
[WhiteElo "1275"]
[BlackElo "1696"]
[PlyCount "30"]
[EventDate "2004.07.??"]
[EventType "swiss"]
[EventRounds "9"]
[EventCountry "GER"]
[SourceTitle "EXT 2006"]
[Source "ChessBase"]
[SourceDate "2005.11.24"]
[SourceVersion "1"]
[SourceVersionDate "2005.11.24"]
[SourceQuality "1"]

1. e4 g6 2. Nf3 d6 3. Bc4 Bg7 4. 0-0 c5 5. c3 Nc6 6. d4 cxd4 7. Nxd4 Nxd4 8. cxd4 Nf6 9. Nc3 0-0 10. h3 b6 11. Bf4 Bb7 12. Qd3 Nxe4 13. Nxe4 d5 14. Bxd5 Qxd5 15. Nc3 Qxg2# 0-1

[Event "GER-ch U10"]
[Site "Willingen"]
[Date "2004.05.30"]
[Round "1"]
[White "Wang, Zhangxian"]
[Black "Bashylin, Vsevolod"]
[Result "1-0"]
[WhiteElo "1598"]
[BlackElo "1143"]
[PlyCount "57"]
[EventDate "2004.06.??"]
[EventType "swiss"]
[EventRounds "11"]
[EventCountry "GER"]
[SourceTitle "EXT 2005"]
[Source "ChessBase"]
[SourceDate "2004.11.15"]
[SourceVersion "1"]
[SourceVersionDate "2004.11.15"]
[SourceQuality "1"]

1. e4 e6 2. d4 d5 3. Nd2 dxe4 4. Nxe4 Nd7 5. Nf3 Ngf6 6. Nxf6+ Nxf6 7. Bd3 Be7 8. c3 c6 9. Qc2 0-0 10. 0-0 h6 11. Bd2 Qd6 12. Ne5 Rd8 13. Bf4 Qd5 14. Rfe1 Nd7 15. Bc4 Qa5 16. Nxd7 Rxd7 17. Be5 Bd6 18. b4 Qd8 19. f4 Bxe5 20. fxe5 Qc7 21. Rf1 b6 22. Rf4 c5 23. Raf1 Bb7 24. Rxf7 cxb4 25. Bxe6 Rxf7 26. Rxf7 Qc6 27. Qg6 Qxg2+ 28. Qxg2 Bxg2 29. Kxg2 1-0